Brand Logos That Are Blue - Statistics

General Stats
  • This quiz has been taken 41,267 times
    40,470 since last reset
  • The average score is 14 of 16
Answer Stats
Picture Answer % Correct
Facebook
100%
Ford
100%
Disney Plus
99%
Samsung
97%
PayPal
96%
Visa
95%
Dell
93%
Skype
91%
Gillette
89%
Dreamworks
86%
LinkedIn
85%
Paramount
84%
The Gap
77%
Nestlé
76%
Oral-B
72%
Unilever
48%
No matching quizzes found
Score Distribution
Percent of People with Each Score
Percentile by Number Answered
Your Score History
You have not taken this quiz since the last reset